000 00392nam a22001457a 4500
003 OSt
008 250219b |||||||| |||| 00| 0 eng d
041 _aeng
082 _a628.01
_bDAL/EN
100 _aDalma, AK
_97184
245 _aEnvironmental Impact of Large Reservoir Projects on Human Settlement
250 _a1st
260 _aNew Delhi:
_bAshish Publishing House,
_c1993.
942 _cBK
999 _c19411
_d19411